Normal view
MARC view
- Basso Gianni
Entry Personal Name
001 - CONTROL NUMBER
- control field: 31689
003 - CONTROL NUMBER IDENTIFIER
- control field: IT-RoPau
005 - DATE AND TIME OF LATEST TRANSACTION
- control field: 20140624154815.0
008 - FIXED-LENGTH DATA ELEMENTS
- fixed length control field: 140624|| aca||aabn | a|a d
040 ## - CATALOGING SOURCE
- Original cataloging agency: IT-RoPau
- Transcribing agency: IT-RoPau
100 ## - HEADING--PERSONAL NAME
- Personal name: Basso Gianni
- Miscellaneous information: Codice interprete SPICS: 48258
- Relator term: Interprete
670 ## - SOURCE DATA FOUND
- Source citation: Work cat.: (IT-RoPau)99324: AA.VV. 794, Gianni Basso rarità e inediti